| 000 | 00934nam a2200241 a 4500 | ||
|---|---|---|---|
| 999 |
_c12487 _d12487 |
||
| 001 | 12487 | ||
| 003 | BD-JhCC | ||
| 005 | 20220305132401.0 | ||
| 008 | 220305s19912019bg a|||| |||| 001 0 ben d | ||
| 020 | _a9788129519887 | ||
| 035 | _a(BD-JhCC)12487 | ||
| 040 |
_aBD-JhCC _dBD-JhCC |
||
| 041 | _abengali | ||
| 082 |
_a591.03 _bSAN 2019 |
||
| 100 | _aসান্যাল, নারায়ণ | ||
| 245 |
_aনা-মানুষী ‘বিশ্বকোষ’ / _cনারায়ণ সান্যাল |
||
| 260 |
_aকলকাতা : _bদে’জ পাবলিশিং, _c২০১৯ |
||
| 300 |
_a২৯৬ পৃ. : _c২৫ পৃ. : |
||
| 500 | _aদ্বিতীয় খন্ড : মেরুদন্ডী (মাছ-উভচর-সরীসৃপ-পাখি) | ||
| 504 | _aনির্ঘন্ট অর্ন্তভূক্ত। | ||
| 650 |
_aAnimals _xEncyclopedia |
||
| 942 |
_2ddc _cBK |
||